000 01146cad a22002055a 4500
001 L137524
008 070413s2007 xxkbde f 000 0 eng d
035 _a(Sirsi) u137524
041 0 _aeng
050 0 4 _a333.72 $2 18
110 2 _aBrook Lyndhurst
_94663
245 0 0 _aClimate challenge, carbon reduction and the future of the urban form
_bScottish version
_ba draft report for RICS
_h[electronic resource]
260 _aLondon
_bBrook Lyndhurst
_c2007
520 _aExamines the key challenges for Edinburgh's transport network, Glasgow's energy supply and energy demand in Inverness. By comparing current levels with UK targets to cut carbon emissions by 60% by 2050 shows how these three cities could look in the future. States that the findings reinforce the need for urgent action at national and local level to find different transition pathways to low carbon cities.
590 _aKA
651 4 _aScotland
_y1999-
690 _aENVIRONMENTAL AND LAND CONSULTANCY-ENVIRONMENTAL MANAGEMENT
856 4 0 _uhttps://www.rics.org/RICSWEB/getpage.aspx?p=U78kXpjrxE6g1y_iKQYPJg
_zView the item free of charge at www.rics.org...
942 _n0
999 _c106808
_d106808